Stink and the ultimate thumb-wrestling smackdown (Record no. 116455)
[ view plain ]
| 000 -LÍDER | |
|---|---|
| campo de controle de tamanho fixo | 00820 a2200253 4500 |
| 001 - NÚMERO DE CONTROLE | |
| campo de controle | 116455 |
| 020 ## - ISBN - INTERNATIONAL STANDARD BOOK NUMBER | |
| ISBN - International Standard Book Number | 9780763664237 |
| 020 ## - ISBN - INTERNATIONAL STANDARD BOOK NUMBER | |
| Informação qualificadora | broch |
| 041 ## - CÓDIGO DE IDIOMA | |
| Código do idioma do texto/trilha sonora ou título diferente | eng |
| 050 ## - NÚMERO DE CONTROLE DA LIBRARY OF CONGRESS | |
| Número de Classificação | SDC 37479 |
| 082 ## - CDD - CLASSIFICAÇÃO DECIMAL DE DEWEY | |
| Número de Classificação | [Fic] |
| 040 ## - FONTE DA CATALOGAÇÃO | |
| Instituição da catalogação original | BTCTA |
| Instituição que modificou o registro | BR-BrIDEA |
| 090 ## - NÚMERO DE CHAMADA LOCAL | |
| Número de chamada (OCLC) (R); Número de chamada, CALL (RLIN) (NR) | Year 3 [Fic] |
| Número Cutter local (OCLC); Número de classificação do livro, CALL (RLIN) | MCD |
| 100 ## - ENTRADA PRINCIPAL--NOME PESSOAL | |
| Nome pessoal | McDonald, Megan |
| 245 10 - TÍTULO | |
| Título | Stink and the ultimate thumb-wrestling smackdown |
| Indicação de responsabilidade, etc. | Megan McDonald |
| 260 ## - PUBLICAÇÃO, DISTRIBUIÇÃO, ETC. | |
| Local de publicação, distribuição, etc. | Somerville, Mass. |
| Nome do editor, distribuidor, etc. | Candlewick |
| Data da publicação, distribuição, etc. | 2013 |
| 300 ## - DESCRIÇÃO FÍSICA | |
| Extensão | 128 p. |
| Outros detalhes físicos | col. ill. |
| 490 ## - TÍTULO DA SÉRIE | |
| Título da série | Stink |
| 520 ## - NOTA DE RESUMO, ETC | |
| Resumo, etc. | After second-grader Stink gets an unsatisfactory grade in physical education his parents tell him he must play a sport, and so he masters thumb wrestling, as seen on a sports channel |
| 697 ## - ENTRADA DE ASSUNTO LOCAL--ENTIDADE COLETIVA (RLIN) | |
| Nome corporativo ou nome da jurisdição | Schools - Fiction. |
| 700 ## - ENTRADA ADICIONADA - NOME PESSOAL | |
| Nome pessoal | Reynolds, Peter H |
| Função do autor por extenso | ilustrador |
| 856 ## - LOCALIZAÇÃO ELETRÔNICA E ACESSO | |
| Uniform Resource Identifier | <a href="000004/00000425.jpg">000004/00000425.jpg</a> |
| 942 ## - ELEMENTOS DE ENTRADA ADICIONADOS (KOHA) | |
| Tipo de material Koha | Livros |
| Situação do descarte | Situação das perdas | Fonte da classificação ou esquema de arquivamento na estante | Situação física | Não pode ser emprestado | Biblioteca de origem | Biblioteca atual | Data de aquisição | Total de empréstimos | Número de chamada completo | Código de barras | Data de último acesso | Data do último empréstimo | Data do preço efetivo | Tipo de material Koha |
|---|---|---|---|---|---|---|---|---|---|---|---|---|---|---|
| Classificação Decimal de Dewey | ECB - SUDOESTE | ECB - SUDOESTE | 17/02/2020 | Year 3 [Fic] MCD | 00048907SSW | 23/01/2024 | 23/01/2024 | Livros | ||||||
| Classificação Decimal de Dewey | ECB - SUDOESTE | ECB - SUDOESTE | 17/02/2020 | Year 3 [Fic] MCD | 00048908SSW | 23/01/2024 | 23/01/2024 | Livros | ||||||
| Classificação Decimal de Dewey | ECB - SUDOESTE | ECB - SUDOESTE | 17/02/2020 | Year 3 [Fic] MCD | 00048909SSW | 23/01/2024 | 23/01/2024 | Livros | ||||||
| Classificação Decimal de Dewey | ECB - ÁGUAS CLARAS | ECB - ÁGUAS CLARAS | 17/02/2020 | 2 | A Year 3 [Fic] MCD | 00048911AGC | 28/05/2024 | 21/05/2024 | 23/01/2024 | Livros | ||||
| Classificação Decimal de Dewey | ECB - ÁGUAS CLARAS | ECB - ÁGUAS CLARAS | 17/02/2020 | A Year 3 [Fic] MCD | 00048912AGC | 23/01/2024 | 23/01/2024 | Livros | ||||||
| Classificação Decimal de Dewey | ECB - ÁGUAS CLARAS | ECB - ÁGUAS CLARAS | 17/02/2020 | 1 | A Year 3 [Fic] MCD | 00048913AGC | 14/05/2024 | 12/04/2024 | 23/01/2024 | Livros |